[Event "Swiss Queens Wed #22"]
[Site "FIDE Online Arena INT"]
[Date "2024.06.26"]
[Round "1"]
[White "Bubnova, Uliana"]
[Black "Gong, Qianyun"]
[Result "1-0"]
[WhiteElo "1821"]
[BlackElo "2250"]
[PlyCount "85"]
[EventDate "2024.06.26"]
[EventType "swiss (blitz)"]
[EventRounds "11"]
[EventCountry "NET"]
[SourceTitle "CBM 220 Extra"]
[Source "ChessBase"]
[SourceDate "2024.07.31"]
[SourceVersion "1"]
[SourceVersionDate "2024.07.31"]
[SourceQuality "1"]

1. e4 c6 2. d4 d5 3. e5 c5 4. dxc5 e6 5. a3 Bxc5 6. Nf3 f6 7. b4 Be7 8. Bb2 a5 9. Ng1 axb4 10. a4 Nc6 11. Nf3 fxe5 12. Nxe5 Nf6 13. Bb5 Qc7 14. 0-0 0-0 15. Nf3 Bd6 16. Re1 Bd7 17. c4 Na5 18. Bxf6 Rxf6 19. cxd5 e5 20. Bxd7 Qxd7 21. Nxe5 Qf5 22. Nf3 Raf8 23. Nbd2 Qh5 24. Ne4 Rxf3 25. Nxd6 Qg6 26. Ne4 b3 27. d6 b2 28. Rb1 Rb3 29. Qd5+ Kh8 30. Qxa5 h6 31. Qd2 Re8 32. d7 Rd8 33. Nc5 Ra3 34. Ne6 Rd3 35. Qc2 R8xd7 36. Nf8 Qf5 37. Nxd7 Qxd7 38. Qxb2 Kh7 39. Qxb7 Qf5 40. Qe4 Qxe4 41. Rxe4 Ra3 42. Reb4 Ra2 43. g3 1-0

[Event "Swiss Queens Wed #22"]
[Site "FIDE Online Arena INT"]
[Date "2024.06.26"]
[Round "6"]
[White "Nik Ahmad Farouqi, Nik Aimee Camilla"]
[Black "Bubnova, Uliana"]
[Result "0-1"]
[WhiteElo "1484"]
[BlackElo "1821"]
[PlyCount "40"]
[EventDate "2024.06.26"]
[EventType "swiss (blitz)"]
[EventRounds "11"]
[EventCountry "NET"]
[SourceTitle "CBM 220 Extra"]
[Source "ChessBase"]
[SourceDate "2024.07.31"]
[SourceVersion "1"]
[SourceVersionDate "2024.07.31"]
[SourceQuality "1"]

1. e4 e5 2. Nf3 Nc6 3. Bb5 a6 4. Ba4 Nf6 5. Nc3 b5 6. Bb3 Be7 7. d3 0-0 8. 0-0 d6 9. Bg5 Bg4 10. h3 Bh5 11. Bxf6 Bxf6 12. Nd5 Nd4 13. c3 Nxf3+ 14. gxf3 c6 15. Ne3 Bg5 16. Ng2 Bf4 17. Nxf4 exf4 18. Qd2 Qg5+ 19. Kh1 Bxf3+ 20. Kh2 Qg2# 0-1

[Event "Swiss Queens Wed #22"]
[Site "FIDE Online Arena INT"]
[Date "2024.06.26"]
[Round "10"]
[White "Poliakova, Varvara"]
[Black "Bubnova, Uliana"]
[Result "1-0"]
[WhiteElo "1981"]
[BlackElo "1821"]
[PlyCount "109"]
[EventDate "2024.06.26"]
[EventType "swiss (blitz)"]
[EventRounds "11"]
[EventCountry "NET"]
[SourceTitle "CBM 220 Extra"]
[Source "ChessBase"]
[SourceDate "2024.07.31"]
[SourceVersion "1"]
[SourceVersionDate "2024.07.31"]
[SourceQuality "1"]

1. e4 e5 2. Nc3 Nf6 3. Bc4 Nc6 4. d3 Be7 5. Nf3 0-0 6. 0-0 d6 7. h3 Na5 8. Re1 Nxc4 9. dxc4 Be6 10. b3 a5 11. a4 c6 12. Ba3 Qc7 13. Qe2 Rad8 14. Rad1 Rfe8 15. Nh4 Bf8 16. Rd3 g6 17. Red1 Nh5 18. g3 Bxh3 19. Nf5 gxf5 20. Qxh5 Bg4 21. Qg5+ Kh8 22. exf5 Bxd1 23. Rxd1 f6 24. Qh5 Rd7 25. Ne4 Qd8 26. Kg2 d5 27. Bxf8 Rxf8 28. Nc5 Re7 29. Ne6 Qe8 30. Qxe8 Rfxe8 31. cxd5 cxd5 32. Rxd5 b6 33. Rd6 Rb7 34. c4 Kg8 35. Kf3 Rbb8 36. Ke4 Kf7 37. Kd5 h5 38. Kc6 Rec8+ 39. Kb5 Rh8 40. Rd7+ Ke8 41. Rd6 Kf7 42. Nc7 Rhc8 43. Nd5 Rc5+ 44. Ka6 Rcc8 45. Rxf6+ Kg7 46. Rg6+ Kf7 47. Rxb6 Ra8+ 48. Kb5 Rh8 49. Rb7+ Kf8 50. f6 h4 51. gxh4 Rxh4 52. Ne7 Rh2 53. Ng6+ Ke8 54. f7+ Kd8 55. f8Q# 1-0

[Event "Swiss Queens Wed #22"]
[Site "FIDE Online Arena INT"]
[Date "2024.06.26"]
[Round "4"]
[White "Tarasenka, Aliaksandra"]
[Black "Bubnova, Uliana"]
[Result "1-0"]
[WhiteElo "1892"]
[BlackElo "1821"]
[PlyCount "81"]
[EventDate "2024.06.26"]
[EventType "swiss (blitz)"]
[EventRounds "11"]
[EventCountry "NET"]
[SourceTitle "CBM 220 Extra"]
[Source "ChessBase"]
[SourceDate "2024.07.31"]
[SourceVersion "1"]
[SourceVersionDate "2024.07.31"]
[SourceQuality "1"]

1. d4 Nf6 2. Bg5 d5 3. Bxf6 exf6 4. g3 c6 5. Bg2 Bd6 6. e3 0-0 7. Ne2 Nd7 8. Nd2 f5 9. 0-0 Nf6 10. c4 Ne4 11. c5 Bc7 12. Rb1 a5 13. a3 b6 14. cxb6 Bxb6 15. Rc1 Qd7 16. Nf3 f6 17. Nf4 Ba6 18. Re1 Rfd8 19. Bf1 Bxf1 20. Rxf1 g5 21. Nd3 Kh8 22. Qc2 Rac8 23. Kh1 Rg8 24. Qb3 Ba7 25. Qc2 c5 26. dxc5 Bxc5 27. Qb3 Ba7 28. Rcd1 Qe6 29. Nde1 Rcd8 30. Nc2 f4 31. Qb7 fxg3 32. fxg3 Qh3 33. Qxa7 Nxg3+ 34. Kg1 Nxf1 35. Rxf1 Qg4+ 36. Kf2 Rc8 37. Ncd4 Qe4 38. Qf7 Rgf8 39. Qe6 Rc2+ 40. Kg1 Qd3 41. Qe7 1-0

[Event "Swiss Queens Wed #18"]
[Site "FIDE Online Arena INT"]
[Date "2024.05.29"]
[Round "5"]
[White "Bubnova, Uliana"]
[Black "Lesbekova, Asel"]
[Result "1-0"]
[WhiteElo "1800"]
[BlackElo "1880"]
[PlyCount "121"]
[EventDate "2024.05.29"]
[EventType "swiss (blitz)"]
[EventRounds "11"]
[EventCountry "NET"]
[SourceTitle "CBM 220 Extra"]
[Source "ChessBase"]
[SourceDate "2024.07.31"]
[SourceVersion "1"]
[SourceVersionDate "2024.07.31"]
[SourceQuality "1"]

1. e4 c5 2. Nc3 Nc6 3. Nf3 Nf6 4. d4 cxd4 5. Nxd4 Qb6 6. Nxc6 dxc6 7. Bc4 e5 8. 0-0 Be7 9. Bb3 0-0 10. Be3 Qc7 11. Qe2 Ng4 12. Bd2 a5 13. a4 Kh8 14. h3 Nf6 15. f4 exf4 16. Bxf4 Qb6+ 17. Be3 Bc5 18. Bxc5 Qxc5+ 19. Kh1 Be6 20. Bxe6 fxe6 21. e5 Nd7 22. Rae1 Rxf1+ 23. Qxf1 Rf8 24. Qe2 h6 25. Qg4 Rf5 26. Qg6 Qf2 27. Rd1 Rg5 28. Qe8+ Kh7 29. Rg1 Nxe5 30. Ne4 Qf4 31. Nxg5+ hxg5 32. Qxe6 Ng6 33. Qg4 Qxg4 34. hxg4 Ne5 35. Rd1 Nxg4 36. Rd7 b5 37. axb5 cxb5 38. Rb7 b4 39. Ra7 Ne3 40. Rxa5 Nxc2 41. Rxg5 Kh6 42. Rb5 Kg6 43. Kg1 Kf6 44. Kf2 g6 45. Rb6+ Kf5 46. Kf3 Nd4+ 47. Kf2 b3 48. Rb4 Ke5 49. Kg3 g5 50. Kg4 Kd5 51. Kxg5 Kc5 52. Rb8 Nb5 53. Rc8+ Kd4 54. Kf4 Kd3 55. g4 Nd4 56. g5 Ne2+ 57. Kf5 Nd4+ 58. Kf6 Nb5 59. g6 Na3 60. bxa3 b2 61. Rb8 1-0

[Event "Swiss Queens Wed #18"]
[Site "FIDE Online Arena INT"]
[Date "2024.05.29"]
[Round "9"]
[White "Bubnova, Uliana"]
[Black "Nevska, Gerda"]
[Result "1-0"]
[WhiteElo "1800"]
[BlackElo "1872"]
[PlyCount "69"]
[EventDate "2024.05.29"]
[EventType "swiss (blitz)"]
[EventRounds "11"]
[EventCountry "NET"]
[SourceTitle "CBM 220 Extra"]
[Source "ChessBase"]
[SourceDate "2024.07.31"]
[SourceVersion "1"]
[SourceVersionDate "2024.07.31"]
[SourceQuality "1"]

1. e4 Nc6 2. d4 e5 3. d5 Nce7 4. Nc3 Ng6 5. Nf3 Nf6 6. h4 Bc5 7. h5 Ne7 8. Nxe5 d6 9. Nd3 Bb6 10. Bg5 h6 11. Bxf6 gxf6 12. Qd2 c6 13. 0-0-0 Bd7 14. Nf4 c5 15. Bb5 Ba5 16. Qd3 Bxb5 17. Qxb5+ Kf8 18. Nce2 a6 19. Qd3 Qb6 20. Ng3 c4 21. Qxc4 Rc8 22. Qe2 Qb4 23. Kb1 Rc5 24. Nd3 Qb5 25. Nxc5 Qxe2 26. Nd7+ Ke8 27. Nxf6+ Kd8 28. Nxe2 Nc8 29. Ng4 Nb6 30. e5 Ke7 31. exd6+ Kxd6 32. Ng3 Rg8 33. Ne4+ Kd7 34. Ngf6+ Ke7 35. Nxg8+ 1-0

[Event "Swiss Queens Wed #18"]
[Site "FIDE Online Arena INT"]
[Date "2024.05.29"]
[Round "10"]
[White "Zaksaite, Salomeja"]
[Black "Bubnova, Uliana"]
[Result "1-0"]
[WhiteElo "2210"]
[BlackElo "1800"]
[PlyCount "61"]
[EventDate "2024.05.29"]
[EventType "swiss (blitz)"]
[EventRounds "11"]
[EventCountry "NET"]
[SourceTitle "CBM 220 Extra"]
[Source "ChessBase"]
[SourceDate "2024.07.31"]
[SourceVersion "1"]
[SourceVersionDate "2024.07.31"]
[SourceQuality "1"]

1. e4 e5 2. f4 exf4 3. Nf3 h6 4. d4 g5 5. h4 Bg7 6. hxg5 hxg5 7. Rxh8 Bxh8 8. Nc3 g4 9. Ne5 Qh4+ 10. Ke2 Bxe5 11. dxe5 f3+ 12. gxf3 gxf3+ 13. Kd3 Nc6 14. Nd5 Nxe5+ 15. Kc3 Qxe4 16. Nxc7+ Kd8 17. Nxa8 Nf6 18. Bg5 Qc6+ 19. Kd2 Ke7 20. Qe1 d6 21. Bd3 Be6 22. Qh4 Ned7 23. Rf1 b6 24. Be4 d5 25. Bxf3 Qb5 26. Be2 Qa5+ 27. Kc1 Kd6 28. Bxf6 Nxf6 29. Qxf6 Kc6 30. Qc3+ Qxc3 31. bxc3 1-0

[Event "Swiss Queens Wed #17"]
[Site "FIDE Online Arena INT"]
[Date "2024.05.22"]
[Round "4"]
[White "Bubnova, Uliana"]
[Black "Osmak, Iulija"]
[Result "0-1"]
[WhiteElo "1800"]
[BlackElo "2460"]
[PlyCount "46"]
[EventDate "2024.05.22"]
[EventType "swiss (blitz)"]
[EventRounds "11"]
[EventCountry "NET"]
[SourceTitle "CBM 220 Extra"]
[Source "ChessBase"]
[SourceDate "2024.07.31"]
[SourceVersion "1"]
[SourceVersionDate "2024.07.31"]
[SourceQuality "1"]

1. e4 e6 2. d4 d5 3. Nd2 Nc6 4. Ngf3 Nf6 5. e5 Nd7 6. Be2 f6 7. exf6 Qxf6 8. Nf1 Bd6 9. Bg5 Qf7 10. Ng3 0-0 11. Bd3 e5 12. dxe5 Ndxe5 13. Be2 Bg4 14. Qd2 Nxf3+ 15. gxf3 Bxf3 16. Rf1 Bxe2 17. Nxe2 Rae8 18. 0-0-0 d4 19. Kb1 Bc5 20. h4 Qc4 21. Ng3 Nb4 22. a3 Qa2+ 23. Kc1 Qa1# 0-1